| 000 | 01041nam0a2200325 4500 | ||
|---|---|---|---|
| 001 | RU\NLR\BIBL_A\012170778 | ||
| 005 | 20230713113346.0 | ||
| 010 |
_a978-5-00149-194-1 _996 |
||
| 021 |
_aRU _bКН-П-19-089360 _9КН-П-19-6526 |
||
| 035 | _a(NLR Aleph) 012170778 | ||
| 035 | _a(RuMoRGB)010164538 | ||
| 090 |
_a12240527 _c12240527 |
||
| 100 | _a20191224d2019 d y0rusy50 ca | ||
| 101 | 0 | _arus | |
| 102 | _aRU | ||
| 105 | _ay|||z|||000gy | ||
| 200 | 1 |
_aБиенье жизни _eстихи _fНика Плисова |
|
| 210 |
_aМосква _cЭдитус _d2019 |
||
| 215 |
_a139 с. _d18 |
||
| 327 | 1 | _aСодерж.: циклы: Багатели и эпиграммы; Бережные переводы; Биенье жизни | |
| 333 | _a12+ | ||
| 686 | 2 | _aШ6(2=Р)8-5 | |
| 700 | 1 |
_aПлисова _bН. _gНика |
|
| 942 | _cBOOK | ||
| 980 | _aNBR | ||
| 980 | _aNB | ||